000 00557ntaaa2200193 4500
003 01
005 20251027202950.0
008 0714s1973 ag 01
040 _aAR-BaBN
_bspa
_cAR-BaBN
_eaacr
_dRIC
082 _a956.6200 Ar5c
100 _aCommission of the Churches on International Affairs
_921614
245 _aArmenia
250 _a1 ed.
260 _aGeneva :
_bWorld Council of Churches,
_c1984
300 _a55 p ;
_c21 cm
500 _aCompiled by CCIA en collaboration with MECC International Project
650 _aArmenia
_930473
942 _cBK
999 _c24985
_d24985